Some Protector (All Lyrics) - Role Model - Statistics

General Stats
  • This quiz has been taken 52 times
  • The average score is 176 of 205
Answer Stats
Answer % Correct
a
100%
and
100%
I
100%
protector
100%
some
100%
Some
100%
the
100%
yes,
100%
Yes,
100%
yes
100%
you
100%
you?
100%
Am
95%
am
95%
am,
95%
(Am
95%
my
95%
to
95%
always
90%
be
90%
Be
90%
Do
90%
(Do
90%
I'll
90%
wil
90%
will
90%
at
86%
I'm
86%
It's
86%
miss
86%
party?
86%
sorry?
86%
sorry?)
86%
this
86%
You're
86%
you're
86%
that
81%
(That
81%
time
81%
forever?
76%
guilty?
76%
leaving
76%
lying
76%
mother
76%
mother)
76%
another?
71%
another?)
71%
closing
71%
find
71%
on
71%
September?
71%
thinking
71%
bout
67%
dragging
67%
he
67%
new
67%
still
67%
Are
62%
from
62%
love
62%
making
62%
reputation
62%
reputation)
62%
someday
62%
up
62%
while
62%
(while
62%
wrecking
62%
holding
57%
Holding
57%
like
57%
reservations?
57%
someone
57%
wanna
57%
any
52%
distance
52%
Does
52%
I'd
52%
picking
52%
pieces?
52%
different?
48%
fool?
48%
intrude
48%
never
48%
Why,
48%
worried
43%
sounding
29%
No matching quizzes found
Score Distribution
Percent of People with Each Score
Percentile by Number Answered
Your Score History
You have not taken this quiz